01402agaaa2200277 45000010005000000030009000050050017000140070009000310080040000400400023000800410013001031000044001161300034001602450174001942500022003682600111003903000033005015080072005345110019006065200291006255380016009165460013009326500069009457000056010147000054010709678IT-RoPAU20220918181232.0d cvaizq50131s9999||||xx ||| | || ||und|| aIT-RoPAUcIT-RoPAU aITALIANO aBill GibsongCodice regista SPICS: 9782 aMARILYN, PORTRAIT OF A LEGEND aMARILYN, PORTRAIT OF A LEGENDcSceneggiatura: Gibson Bill Gibson Hariett -- Diretto da: Bill GibsonpMARILYN, PORTRAIT OF A LEGEND (Rif. Codice opera principale : B9678) aEdizione Standard a(USA)bPOWERSPORTS PRODUCTIONS / Distribuzione: RCS VIDEOg"1992 (1° ed.: 1992 ; Ed. Lingua Orig.: 1992)" aVHSbsonoro, col.c50 minuti a"Musica: Golan Arnold; Sceneggiatura: Gibson Bill Gibson Hariett; " aMonroe Marilyn aIMMAGINI DI MARILYN MONROE CHE CI MOSTRANO LA DONNA NASCOSTA DIETRO ALLA DIVA: L'INFANZIA TURBOLENTA SEGNATA DA BREVI SOGGIORNI IN ORFANOTROFIO, I MATRIMONI, IL DEBUTTO CINEMATOGRAFICO, LA RAPIDA STRADA CHE LA PORTA A DIVENTARE UNA STELLA DEL CINEMA FINO ALLA TRAGICA E MISTERIOSA FINE. aPAL, STEREO aITALIANO aDOCUMENTARIOeSTUDI SUL CINEMA [VHS]xCodice MATERIA SPICS: 9959 aBill Gibson e(regista)gCodice regista SPICS: 9782 aGolan Arnolde(musica)gCodice Musica SPICS: 9840